00843nam a2200193 i 450000100060000000300090000600500170001500700030003200800410003511100780007624501830015426000580033730000220039565000300041771000440044785200210049199900170051295201200052926362ES-MaACL20250826083347.0t|030109s1933 sz ||||1| fre d2 aConferencia Internacional del Trabajo (n17ª. d1933. cGinebra)916423210aAssurance-chômage et diverses formes d'assistance aux chômeurs... :bpremière discussion / cConférence internationale du Travail, dix-septième session, Genève, 1933. aGenève : bBureau international du Travail, c1933. a320 p. ; c24 cm. 4aSubsidio de paro.91715831 aOficina Internacional del Trabajo96023 aES-MaACLjA-1489 c26362d26362 00104070aATENEOMbATENEOMcSPP1d2008-01-17eSCl0oA-1489p1027204r2023-02-23 00:00:00w2023-02-23yMONOGRAFIA